ნორმალური ფორმატი
MARC ფორმატი
ჩანაწერი Personal Name
ჩანაწერთა რაოდენობა, რომელიც გამოყენებულია: 1
001 - CONTROL NUMBER
- control field: 18137
003 - CONTROL NUMBER IDENTIFIER
- control field: GE_BSU
005 - DATE AND TIME OF LATEST TRANSACTION
- control field: 20230519115521.0
008 - FIXED-LENGTH DATA ELEMENTS
- fixed length control field: 230519|| aca||aabn | a|a d
040 ## - CATALOGING SOURCE
- Original cataloging agency: GE_BSU
- Transcribing agency: GE_BSU
100 ## - HEADING--PERSONAL NAME
- Personal name: ფილიპაშვილი, გურამ
670 ## - SOURCE DATA FOUND
- Source citation: Work cat.: (GE_BSU): ფილიპაშვილი, გურამ, ბანკნოტები და ფასიანი ქაღალდები საქართველოში /
